Catálogo de la biblioteca de ciencias jurídicas y sociales
Saved in:
| Institution som forfatter: | |
|---|---|
| Format: | Bog |
| Sprog: | spansk |
| Udgivet: |
Santiago
Universidad de Chile
1940
|
| Fag: | |
| Tags: |
Tilføj Tag
Ingen Tags, Vær først til at tagge denne postø!
|
MARC
| LEADER | 00000nam a2200000 a 4500 | ||
|---|---|---|---|
| 001 | UCR4153 | ||
| 003 | CL-VaPUC | ||
| 008 | 980307e19400000CL |||||||||||||||||spa|d | ||
| 082 | 0 | 4 | |a 340.16 |b FAC |2 21 |
| 110 | 2 | |a Facultad de Ciencias Jurídicas y Sociales. Universidad de Chile |e author |9 403836 | |
| 245 | 1 | 0 | |a Catálogo de la biblioteca de ciencias jurídicas y sociales |
| 300 | |a 226 p | ||
| 942 | |c BK | ||
| 945 | |d 19980307 00:00:00 |a cmena | ||
| 260 | |a Santiago |b Universidad de Chile |c 1940 | ||
| 650 | 0 | |a Catálogos |9 256258 | |
| 650 | 0 | |a Bibliografías |9 257071 | |
| 650 | 7 | |a DERECHO |2 CL-VaPUC |9 403837 | |
| 650 | 0 | |a Escuelas de derecho |9 257536 | |
| 650 | 0 | |a Universidades |9 256317 | |
| 583 | |a last modification |c 19980307 00:00:00 |k Rodrigo Vera | ||
| 999 | |c 267104 |d 267102 | ||
| 952 | |0 0 |1 0 |4 0 |6 340_160000000000000_FAC_1940 |7 0 |8 P |9 299280 |a BIBDER |b BIBDER |d 2019-11-20 |i 1958046 |o 340.16 FAC 1940 |p 1958046 |r 2023-01-25 |w 2019-11-20 |y BK |k DER | ||
| 952 | |0 0 |1 0 |4 0 |6 340_160000000000000_FAC_1940 |7 0 |8 DER_HDC |9 299281 |a BIBDER |b BIBDER |d 2019-11-20 |i 1958054 |o 340.16 FAC 1940 |p 1958054 |r 2019-11-20 |w 2019-11-20 |x Ubicación 4to Piso |y BK |z Estos recursos deben solicitarse con anticipación |k DER | ||